<?xml version="1.0" encoding="UTF-8"?>
<record
    xmlns:xsi="http://www.w3.org/2001/XMLSchema-instance"
    xsi:schemaLocation="http://www.loc.gov/MARC21/slim http://www.loc.gov/standards/marcxml/schema/MARC21slim.xsd"
    xmlns="http://www.loc.gov/MARC21/slim">

  <leader>02515nam a2200337Ia 4500</leader>
  <controlfield tag="001">K0301</controlfield>
  <controlfield tag="003">IT-RoPAU</controlfield>
  <controlfield tag="008">130308s9999    xx            000 0 und d</controlfield>
  <datafield tag="040" ind1=" " ind2=" ">
    <subfield code="a">IT-RoPAU</subfield>
  </datafield>
  <datafield tag="040" ind1=" " ind2=" ">
    <subfield code="c">IT-RoPAU</subfield>
  </datafield>
  <datafield tag="041" ind1=" " ind2=" ">
    <subfield code="a">ITALIANO  </subfield>
  </datafield>
  <datafield tag="100" ind1=" " ind2=" ">
    <subfield code="a">Engl Liesetotte</subfield>
  </datafield>
  <datafield tag="100" ind1=" " ind2=" ">
    <subfield code="g">Codice Aut. SPICS: 60123</subfield>
  </datafield>
  <datafield tag="240" ind1=" " ind2=" ">
    <subfield code="a">GLANZ UND UNTERGANG DES INKAREICHES                                                                                                                       </subfield>
  </datafield>
  <datafield tag="240" ind1=" " ind2=" ">
    <subfield code="g">Codice Tit. Orig. Spics: T3869</subfield>
  </datafield>
  <datafield tag="245" ind1=" " ind2=" ">
    <subfield code="a">Incas splendore e declino (Gli)</subfield>
  </datafield>
  <datafield tag="245" ind1=" " ind2=" ">
    <subfield code="b">Incas splendore e Declino (Gli)                                                                                                                           </subfield>
  </datafield>
  <datafield tag="250" ind1=" " ind2=" ">
    <subfield code="a">1a ed.</subfield>
  </datafield>
  <datafield tag="260" ind1=" " ind2=" ">
    <subfield code="a">MILANO</subfield>
  </datafield>
  <datafield tag="260" ind1=" " ind2=" ">
    <subfield code="b">Martello Aldo</subfield>
  </datafield>
  <datafield tag="260" ind1=" " ind2=" ">
    <subfield code="c">1970 [1&#xB0; Ed.:1970 - Ed.Ling.Originale:1970]</subfield>
  </datafield>
  <datafield tag="300" ind1=" " ind2=" ">
    <subfield code="a">"216 p. (prefazione: no ; testo: 216 [pagine: 0-0])"</subfield>
  </datafield>
  <datafield tag="500" ind1=" " ind2=" ">
    <subfield code="a">Mondo Antico Peru'. Grandi Sacrari. Sbarchi e Migrazioni. Incapachacuet Yupanqui Vede futuro Grande Impero. Limitato Potere Sacerdoti. Inca Tupac conquista Cile e Ecuador. matrimonio tra Fratelli e Succesione al Trono. Regnanti e Loro Mummie Sono Adorati Quali Divinit&#xE0;. Huayna Capac. Ascesa al Potere e Matrimonio. Sfoggio di Opulenza. Inca Assume Carica sommo Sacerdote. importanza Singolo Sacrari... Limitazione Privilegi degli Orejones. Trasferimento Corte Reale in Ecuador... Ribellioni e Pestilenza. Primo Sbarco Spagnoli a Tumbez. sovrano muore di Peste a 40 Anni. lotta per Successione di Huayna Capac tra Figli Huascar e Atahualpa. restaurazione e dominio Sacerdotale a Cuzco. Crescente Influenza Sacrari Oracoli. Guerra Civile e vittoria Usurpatore Atahualpa. marcia di Pizarro su Cajamarca. Cattura di Atahualpa. Difficile Orientamento Spagnoli. Oggetti Sacri Fra pezzi d'oro Fusi a Cajamarca. Atahualpa viene Impiccato. Pizarro e Inca Manco Entrano insieme a Cuzco. Distruzione Truppe Disperse... Insurrezione Inca Manco e Ritirata a Vilcabamba. inizi colonizzazione Spagnola. Morte di Almagro, di Pizarro e Manco. nuove leggi di Carlo V per protezione Indigeni. Rivolta dei Conquistadores. Primi Vicere'. Esecuzione ultimo Inca di Vilcabamba, Tupac Amaru. Stili. tavola Cronologica. Simbolismo Pan Peruviano. Illustrazioni.               D</subfield>
  </datafield>
  <datafield tag="650" ind1=" " ind2=" ">
    <subfield code="a">SAGGI SULLE ARTI VISIVE</subfield>
  </datafield>
  <datafield tag="650" ind1=" " ind2=" ">
    <subfield code="e">Codice materia Spics: 5011</subfield>
  </datafield>
  <datafield tag="700" ind1=" " ind2=" ">
    <subfield code="a">Engl Theo</subfield>
  </datafield>
  <datafield tag="700" ind1=" " ind2=" ">
    <subfield code="g">Codice Aut. SPICS: 60124</subfield>
  </datafield>
  <datafield tag="942" ind1=" " ind2=" ">
    <subfield code="c">BK</subfield>
  </datafield>
  <datafield tag="957" ind1=" " ind2=" ">
    <subfield code="7">1</subfield>
  </datafield>
  <datafield tag="999" ind1=" " ind2=" ">
    <subfield code="c">77090</subfield>
    <subfield code="d">77090</subfield>
  </datafield>
  <datafield tag="999" ind1=" " ind2=" ">
    <subfield code="g">1</subfield>
  </datafield>
  <datafield tag="952" ind1=" " ind2=" ">
    <subfield code="0">0</subfield>
    <subfield code="1">0</subfield>
    <subfield code="4">0</subfield>
    <subfield code="6">K_000000000000000_0301</subfield>
    <subfield code="7">1</subfield>
    <subfield code="a">SPICS</subfield>
    <subfield code="b">SPICS</subfield>
    <subfield code="d">2013-03-08</subfield>
    <subfield code="l">0</subfield>
    <subfield code="o">K0301</subfield>
    <subfield code="r">2013-03-08 00:00:00</subfield>
    <subfield code="w">2013-03-08</subfield>
    <subfield code="y">BK</subfield>
    <subfield code="z">Progressivo inserimento:  22513 /  N. Volumi: 1 Copie: 1  / data import: 1 marzo 2013 - By Epidotti, Trombetti, Vaglietti. </subfield>
  </datafield>
</record>
